Strange Pilgrims (Record no. 4567)

MARC details
000 -LEADER
fixed length control field 00374nam a22001577a 4500
005 - DATE AND TIME OF LATEST TRANSACTION
control field 20260408114301.0
008 - FIXED-LENGTH DATA ELEMENTS--GENERAL INFORMATION
fixed length control field 160628b xxu||||| |||| 00| 0 eng d
041 ## - LANGUAGE CODE
Language code of text/sound track or separate title eng
082 ## - DEWEY DECIMAL CLASSIFICATION NUMBER
Classification number 823.64
100 ## - MAIN ENTRY--AUTHOR NAME
Personal name Gabriel García Márquez
245 ## - TITLE STATEMENT
Title Strange Pilgrims
260 ## - PUBLICATION, DISTRIBUTION, ETC. (IMPRINT)
Name of publisher Penguin
Year of publication 1993
300 ## - PHYSICAL DESCRIPTION
Number of Pages 188
650 ## - SUBJECT ADDED ENTRY--TOPICAL TERM
Topical Term Spanish language fiction
942 ## - ADDED ENTRY ELEMENTS (KOHA)
Koha item type Books
Holdings
Lost status Damaged status Collection code Home library Current library Shelving location Date acquired Cost, normal purchase price Full call number Accession Number Koha item type
    LIFE SKILL JRU Library JRU Library SHELF-101-D 28/06/2016 200.00 823.64 10964 Books